书目信息 |
| 题名: |
妙趣横生博弈论
|
|
| 作者: | 迪克西特 , 纳勒布夫 著 ;董志强 , 王尔文 , 李文霞 译 | |
| 分册: | ||
| 出版信息: | 北京 机械工业出版社 2009 |
|
| 页数: | 20,370页 | |
| 开本: | 25cm | |
| 丛书名: | ||
| 单 册: | ||
| 中图分类: | O225-49 | |
| 科图分类: | ||
| 主题词: | 对策论--普及读物 , 对策论 | |
| 电子资源: | ||
| ISBN: | 978-7-111-27693-7 | |
| 000 | 01587nam0 2200325 450 | |
| 001 | 523 | |
| 005 | 20140910084227.76 | |
| 010 | @a978-7-111-27693-7@dCNY48.00 | |
| 100 | @a20091224d2009 em y0chiy50 ea | |
| 101 | 1 | @achi@ceng |
| 102 | @aCN@b110000 | |
| 105 | @ay z 000yy | |
| 106 | @ar | |
| 200 | 1 | @a妙趣横生博弈论@AMiao Qu Heng Sheng Bo Yi Lun@e事业与人生的成功之道@EShi Ye Yu Ren Sheng De Cheng Gong Zhi Dao@dThe art of strategy@ea game theorist's guide to success in business and life@f(美)阿维纳什 K. 迪克西特(Avinash K. Dixit),(美)巴里 J. 奈尔伯夫(Barry J. Nalebuff)著@F( Mei ) A Wei Na Shi K. Di Ke Xi Te (Avinash K. Dixit),( Mei ) Ba Li J. Nai Er Bo Fu (Barry J. Nalebuff) Zhu@g董志强,王尔山,李文霞译@zeng |
| 210 | @a北京@c机械工业出版社@d2009 | |
| 215 | @a20,370页@d25cm | |
| 305 | @a由Norton&Company通过Bardon-Chinese Media Agency授权出版 | |
| 330 | @a本书分14章,内容包括:十个策略故事、逆推可解的博弈、囚徒困境及其克服、美丽的均衡、选择与机会、策略行动等。 | |
| 510 | 1 | @aArt of strategy@ea game theorist's guide to success in business and life@zeng |
| 517 | 1 | @a事业与人生的成功之道@AShi Ye Yu Ren Sheng De Cheng Gong Zhi Dao |
| 606 | 0 | @a对策论@j普及读物 |
| 606 | 0 | @a对策论 |
| 690 | @aO225-49@v5 | |
| 701 | 0 | @c(美)@a迪克西特@ADi Ke Xi Te@c(Dixit, Avinash K.@f1944~)@4著 |
| 701 | 0 | @c(美)@a纳勒布夫@ANa Le Bu Fu@c(Nalebuff, Barry)@4著 |
| 702 | 0 | @a董志强@ADong Zhi Qiang@c(博士)@4译 |
| 702 | 0 | @a王尔文@AWang Er Wen@4译 |
| 702 | 0 | @a李文霞@ALi Wen Xia@4译 |
| 801 | 0 | @aCN@bTANGWEI@c20140603 |
| 905 | @b0839518-20@dO225-49@e157@f3 | |
| 妙趣横生博弈论:事业与人生的成功之道=The art of strategy:a game theorist's guide to success in business and life/(美)阿维纳什 K. 迪克西特(Avinash K. Dixit),(美)巴里 J. 奈尔伯夫(Barry J. Nalebuff)著/董志强,王尔山,李文霞译.-北京:机械工业出版社,2009 |
| 20,370页;25cm |
| ISBN 978-7-111-27693-7:CNY48.00 |
| 本书分14章,内容包括:十个策略故事、逆推可解的博弈、囚徒困境及其克服、美丽的均衡、选择与机会、策略行动等。 |
| ● |
| 相关链接 |
|
|
|
|
正题名:妙趣横生博弈论
索取号:O225-49/157
 
预约/预借
| 序号 | 登录号 | 条形码 | 馆藏地/架位号 | 状态 | 备注 |
| 1 | 0839518 | 208395182 | 第二样本阅览室/ [索取号:O225-49/157] | 在馆 | |
| 2 | 0839519 | 208395191 | 密集书库-数信学院/ [索取号:O225-49/157] | 在馆 | |
| 3 | 0839520 | 208395208 | 第三借阅区/ [索取号:O225-49/157] | 在馆 |